[Event "Quebec-ch"]
[Site "Montreal CAN"]
[Date "2025.08.20"]
[Round "9.4"]
[White "Chiku-Ratte, Olivier-Kenta"]
[Black "Latorre, Vincent"]
[Result "1-0"]
[WhiteElo "2309"]
[BlackElo "2337"]
[WhiteFideId "-1"]
[WhiteFideId "-1"]
[PlyCount "65"]
[GameId "2214873076062275"]
[EventDate "2025.08.15"]
[EventType "tourn"]
[EventRounds "9"]
[EventCountry "CAN"]
[EventCategory "2"]
[SourceTitle "The Week in Chess 1607"]
[Source "Mark Crowther"]
[SourceDate "2025.08.25"]
[SourceVersion "1"]
[SourceVersionDate "2025.08.25"]
[SourceQuality "2"]

1. d4 Nf6 2. c4 g6 3. Nc3 Bg7 4. e4 d6 5. Be2 O-O 6. Be3 a5 7. Nf3 e5 8. dxe5 dxe5 9. Qc2 Nc6 10. Rd1 Bd7 11. O-O Qc8 12. Nd5 Be6 13. a3 Ng4 14. Bc1 Kh8 15. h3 Nf6 16. b4 axb4 17. axb4 Bxd5 18. cxd5 Nxb4 19. Qb1 Na6 20. Ba3 Re8 21. Bb5 c6 22. dxc6 bxc6 23. Bc4 Nc7 24. Ng5 Bf8 25. Nxf7+ Kg7 26. Bxf8+ Rxf8 27. Nxe5 Re8 28. f4 Rb8 29. Qa1 Ra8 30. Qc3 Nxe4 31. Qd4 Nf6 32. Ng4 Rf8 33. Rfe1 1-0

[Event "Quebec-ch f"]
[Site "Montreal CAN"]
[Date "2025.01.10"]
[Round "1.1"]
[White "Dauphinais, Sophie"]
[Black "Gorunovich, Anna"]
[Result "1-0"]
[WhiteElo "1480"]
[BlackElo "1885"]
[WhiteFideId "-1"]
[WhiteFideId "-1"]
[PlyCount "125"]
[GameId "2135540189768363"]
[EventDate "2025.01.10"]
[EventType "swiss"]
[EventRounds "5"]
[EventCountry "CAN"]

1. e4 c5 2. c3 e6 3. d4 cxd4 4. cxd4 d6 5. Nf3 Nf6 6. Nc3 Be7 7. Bd3 a6 8. O-O b5 9. Re1 Bb7 10. Qe2 Nbd7 11. e5 dxe5 12. dxe5 Nd5 13. Ne4 Nc5 14. Nxc5 Bxc5 15. Bxb5+ Kf8 16. Bd3 Qb6 17. a3 Rd8 18. Bg5 Rd7 19. Rac1 h6 20. Bd2 g5 21. b4 Be7 22. Be3 Nxe3 23. Qxe3 Qxe3 24. Rxe3 g4 25. Ne1 Bg5 26. Rc5 Bxe3 27. fxe3 Ke7 28. Be2 h5 29. Nd3 f6 30. Nf4 Rg8 31. exf6+ Kxf6 32. Nxh5+ Ke7 33. Nf4 Rg7 34. Bc4 Rf7 35. Re5 Rd1+ 36. Kf2 Ra1 37. Rxe6+ Kf8 38. Rg6 Rc7 39. Ne6+ Kf7 40. Rg7+ Kf6 41. Rxc7 Be4 42. Nf4 Rxa3 43. h3 gxh3 44. gxh3 Kg5 45. Re7 Bf5 46. Be6 Be4 47. Bg4 Rb3 48. Rxe4 a5 49. bxa5 Kh4 50. Ng2+ Kg5 51. h4+ Kh6 52. Re6+ Kh7 53. a6 Ra3 54. Re7+ Kh8 55. a7 Ra5 56. Re8+ Kh7 57. a8=Q Rc5 58. Qb7+ Kh6 59. Rh8+ Kg6 60. Qb6+ Kf7 61. Qxc5 Kg7 62. Qf8+ Kg6 63. Rh6# 1-0

[Event "Quebec-ch f"]
[Site "Montreal CAN"]
[Date "2025.01.10"]
[Round "1.2"]
[White "Demushkina, Alina"]
[Black "Wang, Ruoyu"]
[Result "1-0"]
[WhiteElo "1783"]
[BlackElo "1885"]
[WhiteFideId "-1"]
[WhiteFideId "-1"]
[PlyCount "117"]
[GameId "2135431559524609"]
[EventDate "2025.01.10"]
[EventType "swiss"]
[EventRounds "5"]
[EventCountry "CAN"]

1. e4 c5 2. Nf3 Nc6 3. d4 cxd4 4. Nxd4 g6 5. c4 Bg7 6. Nxc6 bxc6 7. Nd2 d6 8. Bd3 Nf6 9. h3 O-O 10. O-O Bb7 11. Rb1 d5 12. e5 Nd7 13. f4 Nc5 14. Be2 Qb6 15. Kh1 Rad8 16. b4 Nd7 17. Qc2 Rc8 18. c5 Qc7 19. Nf3 e6 20. Be3 f6 21. exf6 Nxf6 22. Ng5 Qe7 23. Bd3 Rce8 24. Rbe1 e5 25. fxe5 Qxe5 26. Nf3 Qh5 27. Bd4 Rxe1 28. Rxe1 Bc8 29. Ng1 Ng4 30. Bxg7 Kxg7 31. Qc3+ Kg8 32. Be2 Nf2+ 33. Kh2 Qf5 34. a3 Qf4+ 35. Qg3 Qd2 36. Rf1 Ne4 37. Rxf8+ Kxf8 38. Qb8 Kg7 39. Qxa7+ Kh6 40. Qc7 Bf5 41. Bf3 Nf2 42. Ne2 Bd3 43. Qf4+ Qxf4+ 44. Nxf4 Bb5 45. g4 d4 46. Kg2 Nd3 47. Nxd3 Bxd3 48. Bxc6 Be2 49. Kf2 Bc4 50. b5 Bxb5 51. Bxb5 Kg5 52. c6 Kh4 53. c7 Kxh3 54. Kf3 Kh4 55. c8=Q Kg5 56. Qd8+ Kh6 57. g5+ Kg7 58. Qf6+ Kg8 59. Bc4# 1-0

[Event "Quebec-ch f"]
[Site "Montreal CAN"]
[Date "2025.01.10"]
[Round "1.3"]
[White "Blanco, Anneye"]
[Black "Poncsak, Juliette"]
[Result "1-0"]
[WhiteElo "1198"]
[BlackElo "1577"]
[WhiteFideId "-1"]
[WhiteFideId "-1"]
[PlyCount "129"]
[GameId "2135434504909068"]
[EventDate "2025.01.10"]
[EventType "swiss"]
[EventRounds "5"]
[EventCountry "CAN"]

1. e4 e5 2. Nf3 Nf6 3. Nc3 Bb4 4. Bc4 Nc6 5. Qe2 d6 6. h3 O-O 7. O-O Nh5 8. d3 Bxc3 9. bxc3 Nf4 10. Bxf4 exf4 11. d4 Re8 12. Rfe1 Bd7 13. Nh2 Qg5 14. Qf3 Ne7 15. e5 d5 16. Bd3 Be6 17. Kh1 Rac8 18. Rab1 b6 19. Qe2 c5 20. dxc5 Rxc5 21. Nf3 Qh6 22. Nd4 Rxc3 23. Nxe6 fxe6 24. Qf3 Nf5 25. Rb4 g5 26. Qg4 Rf8 27. Kg1 Qg6 28. Qe2 h5 29. Qd2 Rfc8 30. g4 fxg3 31. fxg3 Qh7 32. Bxf5 exf5 33. Qxd5+ Kh8 34. e6 Rxg3+ 35. Kh2 f4 36. Rc4 Rc3 37. Rxc8+ Rxc8 38. Re2 Qc7 39. Kg2 Qe7 40. Qd7 Re8 41. Qd4+ Kh7 42. Qe4+ Kh6 43. Qe5 Rf8 44. Kf1 Rf6 45. a4 Kg6 46. Qd5 g4 47. hxg4 hxg4 48. Re5 Rf8 49. Qe4+ Kg7 50. Rh5 Qd6 51. Rh7+ Kf6 52. Rh6+ Ke7 53. Rh7+ Kf6 54. Rh6+ Ke7 55. Qh7+ Kd8 56. Qxa7 Qd1+ 57. Kf2 g3+ 58. Kg2 Qe2+ 59. Kh3 Qh2+ 60. Kg4 Qe2+ 61. Kh3 Qf1+ 62. Kg4 Rg8+ 63. Kf5 Rf8+ 64. Kg6 Qd1 65. e7+ 1-0

[Event "Quebec-ch f"]
[Site "Montreal CAN"]
[Date "2025.01.10"]
[Round "1.4"]
[White "Herrera, Wylene"]
[Black "Zhang, Laticia"]
[Result "0-1"]
[WhiteElo "1569"]
[BlackElo "1192"]
[WhiteFideId "-1"]
[WhiteFideId "-1"]
[PlyCount "114"]
[GameId "2135479321780515"]
[EventDate "2025.01.10"]
[EventType "swiss"]
[EventRounds "5"]
[EventCountry "CAN"]

1. e4 e5 2. Nf3 Nc6 3. d4 exd4 4. Bc4 Bc5 5. c3 Nf6 6. e5 d5 7. exd6 Qxd6 8. O-O O-O 9. b4 Bb6 10. b5 Ne5 11. Ba3 Nxf3+ 12. Qxf3 Bc5 13. Bb2 Qb6 14. cxd4 Bxd4 15. Nc3 Qc5 16. Bb3 Qh5 17. Qg3 Be5 18. f4 Bd4+ 19. Kh1 Qg4 20. Qd3 Bb6 21. Na4 Bf5 22. Qc4 Be4 23. Rg1 Bxg1 24. Rxg1 Nh5 25. Qc3 Nxf4 26. Qg3 Qxg3 27. hxg3 Nd3 28. Ba3 Rfd8 29. Nc3 Bf5 30. Rf1 Be6 31. Bc2 a6 32. b6 cxb6 33. Rf3 Ne1 34. Rf2 Nxc2 35. Rxc2 Rac8 36. Rc1 Rd3 37. Bb2 Rxg3 38. Kh2 Rd3 39. a4 Bb3 40. Kg1 b5 41. axb5 axb5 42. Kf1 b4 43. Ne2 Rxc1+ 44. Nxc1 Rd2 45. Nxb3 Rxb2 46. Nd4 Rd2 47. Nb3 Rb2 48. Nd4 b3 49. Ke1 Rxg2 50. Nxb3 h5 51. Nd4 h4 52. Kf1 Rg6 53. Kf2 b5 54. Nxb5 h3 55. Nc3 h2 56. Ne4 h1=Q 57. Ng3 Qh2+ 0-1

[Event "Quebec-ch f"]
[Site "Montreal CAN"]
[Date "2025.01.11"]
[Round "2.1"]
[White "Demushkina, Alina"]
[Black "Zhang, Laticia"]
[Result "1/2-1/2"]
[WhiteElo "1783"]
[BlackElo "1102"]
[WhiteFideId "-1"]
[WhiteFideId "-1"]
[PlyCount "86"]
[GameId "2135511685079342"]
[EventDate "2025.01.10"]
[EventType "swiss"]
[EventRounds "5"]
[EventCountry "CAN"]

1. e4 c5 2. Nf3 Nc6 3. d4 cxd4 4. Nxd4 Nf6 5. Nc3 d6 6. Bc4 g6 7. Be3 Bg7 8. O-O O-O 9. h3 Bd7 10. Re1 a6 11. Bb3 e6 12. Qd2 Nxd4 13. Bxd4 Bc6 14. f3 b5 15. Rad1 Ne8 16. Bxg7 Kxg7 17. Qd4+ Kg8 18. a4 Qc7 19. axb5 axb5 20. Ra1 Ng7 21. Rad1 Rfd8 22. Rd2 Qa7 23. Red1 Ne8 24. Qxa7 Rxa7 25. Kf2 Kf8 26. Ke3 Ke7 27. g4 Rda8 28. f4 Ra1 29. Rxa1 Rxa1 30. Rd1 Ra5 31. Ne2 Nf6 32. Ng3 d5 33. e5 Nd7 34. Kd4 b4 35. Rd3 Rc5 36. Rf3 f6 37. exf6+ Kxf6 38. g5+ Kf7 39. h4 Ra5 40. Rf1 Bb5 41. Rc1 Ba4 42. Bxa4 Rxa4 43. b3 Ra2 1/2-1/2

[Event "Quebec-ch f"]
[Site "Montreal CAN"]
[Date "2025.01.11"]
[Round "2.3"]
[White "Li, Yi Lin"]
[Black "Blanco, Anneye"]
[Result "1-0"]
[WhiteElo "1979"]
[BlackElo "1198"]
[WhiteFideId "-1"]
[WhiteFideId "-1"]
[PlyCount "77"]
[GameId "2135524094632257"]
[EventDate "2025.01.10"]
[EventType "swiss"]
[EventRounds "5"]
[EventCountry "CAN"]

1. e4 c5 2. Nf3 d6 3. d4 cxd4 4. Nxd4 Nc6 5. Be3 Nf6 6. f3 g6 7. Qd2 Bg7 8. Nc3 O-O 9. O-O-O Bd7 10. g4 Qa5 11. Nb3 Qd8 12. Bh6 Ne5 13. Be2 Rc8 14. h4 Nc4 15. Bxc4 Rxc4 16. h5 Qc7 17. hxg6 fxg6 18. Bxg7 Kxg7 19. Qh6+ Kf7 20. g5 Ne8 21. Qxh7+ Ng7 22. Rh6 Be8 23. Qxg6+ Kg8 24. Qh7+ Kf7 25. g6+ Ke6 26. Qxg7 Rxf3 27. Qg8+ Kd7 28. Rh8 Qc8 29. Qd5 Rg3 30. Qf5+ Kd8 31. Qf7 Kd7 32. Rxe8 Qxe8 33. Qxc4 Qxg6 34. Qa4+ Kd8 35. Qxa7 Qg5+ 36. Kb1 Qh4 37. Qb8+ Kd7 38. Nc5+ Kc6 39. Qxb7+ 1-0

[Event "Quebec-ch f"]
[Site "Montreal CAN"]
[Date "2025.01.11"]
[Round "2.5"]
[White "Gorunovich, Anna"]
[Black "Herrera, Wylene"]
[Result "0-1"]
[WhiteElo "1885"]
[BlackElo "1569"]
[WhiteFideId "-1"]
[WhiteFideId "-1"]
[PlyCount "100"]
[GameId "2135529215354688"]
[EventDate "2025.01.10"]
[EventType "swiss"]
[EventRounds "5"]
[EventCountry "CAN"]

1. e4 c5 2. Nf3 d6 3. d4 cxd4 4. Nxd4 Nf6 5. Nc3 g6 6. Be2 Bg7 7. Be3 a6 8. f4 b5 9. a3 Bb7 10. Bf3 Nbd7 11. e5 Bxf3 12. Qxf3 dxe5 13. Nc6 e4 14. Nxe4 Qc7 15. Nxf6+ Bxf6 16. Nb4 O-O 17. c3 Qc4 18. Rd1 Nc5 19. Qd5 Na4 20. Qxc4 bxc4 21. Bc1 e5 22. Nd5 Bg7 23. O-O f5 24. Nc7 Ra7 25. Ne6 Re8 26. Nxg7 Kxg7 27. fxe5 Rxe5 28. Rd4 Re2 29. b3 Nxc3 30. Rxc4 Ne4 31. b4 h6 32. a4 Rb7 33. Rd1 Ra2 34. a5 g5 35. Be3 Re2 36. Bd4+ Kf7 37. Bb6 Re7 38. Rc6 Re6 39. Rd7+ Ke8 40. Rd8+ Ke7 41. Rxe6+ Kxe6 42. h3 h5 43. Ra8 Re1+ 44. Kh2 h4 45. Rxa6 Kd5 46. Bc7 f4 47. g4 hxg3+ 48. Kg2 Re2+ 49. Kf3 Rf2+ 50. Kg4 g2 0-1

[Event "Quebec-ch f"]
[Site "Montreal CAN"]
[Date "2025.01.11"]
[Round "2.6"]
[White "Poncsak, Juliette"]
[Black "Wang, Ruoyu"]
[Result "1-0"]
[WhiteElo "1577"]
[BlackElo "1344"]
[WhiteFideId "-1"]
[WhiteFideId "-1"]
[PlyCount "105"]
[GameId "2135537700628305"]
[EventDate "2025.01.10"]
[EventType "swiss"]
[EventRounds "5"]
[EventCountry "CAN"]

1. c4 c5 2. Nc3 Nc6 3. e3 Nf6 4. d4 cxd4 5. exd4 d5 6. Nf3 Bg4 7. Be3 e6 8. Qb3 Qd7 9. Ne5 Nxe5 10. dxe5 d4 11. exf6 dxe3 12. fxe3 O-O-O 13. Qc2 gxf6 14. Be2 Rg8 15. Rd1 Qc6 16. O-O Bf5 17. Rxd8+ Kxd8 18. e4 Bh3 19. Qd3+ Kc8 20. Qxh3 Qb6+ 21. Kh1 Rg6 22. Qd3 Rh6 23. Rd1 Qc7 24. g3 a6 25. Kg2 Rg6 26. Na4 Bh6 27. Qd4 Rg5 28. Qd7+ Qxd7 29. Nb6+ Kc7 30. Nxd7 f5 31. Ne5 fxe4 32. Nxf7 Rg6 33. Nxh6 Rxh6 34. Re1 e5 35. Bg4 Rb6 36. b3 a5 37. Rxe4 a4 38. Bd1 Rd6 39. Bf3 axb3 40. axb3 Rd3 41. b4 Rb3 42. b5 Kd6 43. Rh4 b6 44. Rxh7 Kc5 45. Rc7+ Kd4 46. h4 e4 47. Bg4 e3 48. Be2 Ke4 49. Re7+ Kd4 50. Kf3 Rc3 51. Re4+ Kc5 52. Rxe3 Rxe3+ 53. Kxe3 1-0

[Event "Quebec-ch f"]
[Site "Montreal CAN"]
[Date "2025.01.11"]
[Round "3.1"]
[White "Dauphinais, Sophie"]
[Black "Zhang, Laticia"]
[Result "1-0"]
[WhiteElo "1480"]
[BlackElo "1102"]
[WhiteFideId "-1"]
[WhiteFideId "-1"]
[PlyCount "51"]
[GameId "2135540189747870"]
[EventDate "2025.01.10"]
[EventType "swiss"]
[EventRounds "5"]
[EventCountry "CAN"]

1. e4 e5 2. Nf3 Nc6 3. Bc4 Bc5 4. b4 Bxb4 5. c3 Bc5 6. d4 exd4 7. O-O Nf6 8. cxd4 Bb6 9. e5 Ne4 10. Re1 Na5 11. Bxf7+ Kxf7 12. Rxe4 Rf8 13. Ng5+ Kg8 14. Nc3 d5 15. exd6 Qxd6 16. Be3 Bf5 17. Re5 Nc4 18. Qb3 Qc6 19. Rc5 Bxc5 20. Qxc4+ Kh8 21. dxc5 h6 22. Nf7+ Kh7 23. Ne5 Qf6 24. Bd4 Rad8 25. Nd7 Qf7 26. Nxf8+ 1-0

[Event "Quebec-ch f"]
[Site "Montreal CAN"]
[Date "2025.01.11"]
[Round "3.2"]
[White "Bernales Leiva, Mariana"]
[Black "Li, Yi Lin"]
[Result "0-1"]
[WhiteElo "804"]
[BlackElo "1979"]
[WhiteFideId "-1"]
[WhiteFideId "-1"]
[PlyCount "44"]
[GameId "2135540189768351"]
[EventDate "2025.01.10"]
[EventType "swiss"]
[EventRounds "5"]
[EventCountry "CAN"]

1. d4 Nf6 2. Nf3 d5 3. e3 e6 4. Be2 Bd6 5. O-O O-O 6. h3 c5 7. dxc5 Bxc5 8. Re1 Nc6 9. b3 Re8 10. c4 b6 11. Nc3 d4 12. Nb1 Bb7 13. Bb2 dxe3 14. fxe3 Bxe3+ 15. Kh1 Qe7 16. Nc3 Nh5 17. Ne5 Ng3+ 18. Kh2 Nxe5 19. Kxg3 Qg5+ 20. Bg4 Qf4+ 21. Kh4 Ng6+ 22. Kh5 Qh6# 0-1

[Event "Quebec-ch f"]
[Site "Montreal CAN"]
[Date "2025.01.11"]
[Round "3.3"]
[White "Demushkina, Alina"]
[Black "Poncsak, Juliette"]
[Result "0-1"]
[WhiteElo "1783"]
[BlackElo "1577"]
[WhiteFideId "-1"]
[WhiteFideId "-1"]
[PlyCount "124"]
[GameId "2135540189768352"]
[EventDate "2025.01.10"]
[EventType "swiss"]
[EventRounds "5"]
[EventCountry "CAN"]

1. e4 e6 2. d4 d5 3. Nd2 c5 4. exd5 Qxd5 5. Ndf3 Nf6 6. Ne2 Ne4 7. Nf4 Qc6 8. c3 Be7 9. Bd3 Nd7 10. Qc2 Nef6 11. h3 c4 12. Bf1 b5 13. b3 cxb3 14. axb3 Bb4 15. Bb2 Ne4 16. Rc1 Ba5 17. Bd3 Nef6 18. Ne5 Nxe5 19. dxe5 Nd5 20. Be4 Bb7 21. O-O Qc7 22. Nxd5 exd5 23. Bd3 a6 24. Rfe1 Bc6 25. e6 O-O-O 26. exf7 Qxf7 27. Ra1 Qc7 28. b4 Bb6 29. Rxa6 Kb7 30. Rea1 Rdf8 31. Rxb6+ Qxb6 32. Bxh7 Rf7 33. Rf1 g5 34. Bg6 Rf6 35. c4 d4 36. c5 Qd8 37. Be4 Rh4 38. Bxc6+ Kxc6 39. Qd3 Qd5 40. Rd1 Rhf4 41. Bxd4 R6f5 42. g3 Rf3 43. Qe2 Qf7 44. Be3 Qh7 45. Rd6+ Kc7 46. Kg2 Qf7 47. g4 Rf6 48. Rxf6 Rxf6 49. Bxg5 Qd5+ 50. Kg3 Qxg5 51. Qe7+ Kc8 52. Qe8+ Kc7 53. Qe7+ Kc6 54. Qe8+ Kd5 55. Qd7+ Kc4 56. Qc7 Qd5 57. Qh7 Qf3+ 58. Kh4 Qxf2+ 59. Kh5 Qe2 60. Qg7 Qe5+ 61. Kh4 Qf4 62. Kh5 Kxb4 0-1

[Event "Quebec-ch f"]
[Site "Montreal CAN"]
[Date "2025.01.11"]
[Round "3.4"]
[White "Blanco, Anneye"]
[Black "Massera, Vanessa"]
[Result "1-0"]
[WhiteElo "1198"]
[BlackElo "968"]
[WhiteFideId "-1"]
[WhiteFideId "-1"]
[PlyCount "61"]
[GameId "2135540189768353"]
[EventDate "2025.01.10"]
[EventType "swiss"]
[EventRounds "5"]
[EventCountry "CAN"]

1. e4 g6 2. Nc3 Bg7 3. Bc4 d6 4. h3 Nf6 5. Nf3 O-O 6. O-O c5 7. d3 Nc6 8. a3 a6 9. Bd2 b5 10. Ba2 Bb7 11. Qc1 b4 12. axb4 Nxb4 13. Bb3 d5 14. exd5 Nfxd5 15. Ne4 Rc8 16. Bh6 f5 17. Bxg7 Kxg7 18. Neg5 Qd7 19. Re1 Rf6 20. Ne5 Qd6 21. Nc4 Qc7 22. Ne6+ Rxe6 23. Rxe6 Nf4 24. Rxe7+ Qxe7 25. Qxf4 Re8 26. Nd6 Rb8 27. Nxf5+ gxf5 28. Qxb8 Bc6 29. Qg3+ Kf6 30. Qh4+ Kg7 31. Qxe7+ 1-0

[Event "Quebec-ch f"]
[Site "Montreal CAN"]
[Date "2025.01.11"]
[Round "3.5"]
[White "Wang, Ruoyu"]
[Black "Herrera, Wylene"]
[Result "1/2-1/2"]
[WhiteElo "1328"]
[BlackElo "1569"]
[WhiteFideId "-1"]
[WhiteFideId "-1"]
[PlyCount "77"]
[GameId "2135764666556794"]
[EventDate "2025.01.10"]
[EventType "swiss"]
[EventRounds "5"]
[EventCountry "CAN"]

1. e4 c5 2. Nf3 d6 3. d4 cxd4 4. Nxd4 Nf6 5. Nc3 g6 6. Be3 Bg7 7. f3 a6 8. Qd2 Nc6 9. O-O-O Nxd4 10. Bxd4 h5 11. Kb1 Be6 12. Qf2 Qc7 13. g3 b5 14. Qe2 Bc4 15. Qe1 e6 16. Bg2 b4 17. Na4 O-O 18. Nb6 Rab8 19. Nxc4 Qxc4 20. Bf1 Qc6 21. h3 Rfc8 22. Bd3 a5 23. g4 e5 24. Be3 a4 25. Qd2 b3 26. c3 a3 27. bxa3 bxa2+ 28. Kxa2 Ra8 29. Rb1 Qxc3 30. Qxc3 Rxc3 31. Rb3 Rxb3 32. Kxb3 d5 33. g5 Nd7 34. exd5 Bf8 35. Ra1 Nc5+ 36. Kc4 Nxd3 37. Kxd3 Rxa3+ 38. Rxa3 Bxa3 39. Ke4 1/2-1/2

[Event "Quebec-ch f"]
[Site "Montreal CAN"]
[Date "2025.01.12"]
[Round "4.1"]
[White "Li, Yi Lin"]
[Black "Dauphinais, Sophie"]
[Result "1-0"]
[WhiteElo "1979"]
[BlackElo "1480"]
[WhiteFideId "-1"]
[WhiteFideId "-1"]
[PlyCount "37"]
[GameId "2135540189768354"]
[EventDate "2025.01.10"]
[EventType "swiss"]
[EventRounds "5"]
[EventCountry "CAN"]

1. e4 e5 2. Nf3 Nc6 3. Bb5 f5 4. d3 fxe4 5. dxe4 Nf6 6. O-O Bc5 7. a4 d6 8. c3 a6 9. Bc4 Bg4 10. b4 Ba7 11. Be3 Bxe3 12. fxe3 Ne7 13. Qb3 Rf8 14. Ng5 Qd7 15. Bf7+ Kd8 16. Be6 Bxe6 17. Nxe6+ Ke8 18. Nxg7+ Kd8 19. Ne6+ 1-0

[Event "Quebec-ch f"]
[Site "Montreal CAN"]
[Date "2025.01.12"]
[Round "4.2"]
[White "Poncsak, Juliette"]
[Black "Bernales Leiva, Mariana"]
[Result "1-0"]
[WhiteElo "1577"]
[BlackElo "804"]
[WhiteFideId "-1"]
[WhiteFideId "-1"]
[PlyCount "35"]
[GameId "2135540189768355"]
[EventDate "2025.01.10"]
[EventType "swiss"]
[EventRounds "5"]
[EventCountry "CAN"]

1. d4 d5 2. Bf4 Nf6 3. e3 Nc6 4. Nd2 Be6 5. Ngf3 g6 6. Ng5 Bd7 7. Be2 Bh6 8. Nxf7 Kxf7 9. Bxh6 e5 10. Nf3 Ke6 11. c4 exd4 12. Bg5 dxe3 13. cxd5+ Kf5 14. Qd3+ Kg4 15. h3+ Kh5 16. g4+ Bxg4 17. hxg4+ Kxg4 18. Rh4# 1-0

[Event "Quebec-ch f"]
[Site "Montreal CAN"]
[Date "2025.01.12"]
[Round "4.3"]
[White "Zhang, Laticia"]
[Black "Blanco, Anneye"]
[Result "1/2-1/2"]
[WhiteElo "1102"]
[BlackElo "1198"]
[WhiteFideId "-1"]
[WhiteFideId "-1"]
[PlyCount "97"]
[GameId "2135540189768356"]
[EventDate "2025.01.10"]
[EventType "swiss"]
[EventRounds "5"]
[EventCountry "CAN"]

1. e4 c5 2. Nf3 d6 3. d4 cxd4 4. Nxd4 Nc6 5. Nc3 Nf6 6. Be3 g6 7. Bc4 Bg7 8. O-O O-O 9. h3 Bd7 10. Re1 Qc8 11. Bb3 a6 12. a4 Na5 13. Qd3 Nxb3 14. Nxb3 Rb8 15. a5 Re8 16. Bb6 Nh5 17. Bd4 Nf6 18. Bb6 Bc6 19. Nd4 Bd7 20. Rad1 Nh5 21. Qf3 Be5 22. Nde2 f5 23. Bd4 Bxd4 24. Nxd4 fxe4 25. Qxe4 Qc5 26. Qd5+ Qxd5 27. Nxd5 Kf7 28. Nb6 Bc6 29. Nxc6 bxc6 30. b4 Rb7 31. c3 Rd8 32. Kf1 Nf6 33. f3 Ne8 34. Kf2 Nc7 35. Kg3 Kf6 36. f4 h6 37. Kf3 h5 38. g4 h4 39. g5+ Kf7 40. Kg4 Ne6 41. Re3 Ng7 42. Red3 Rh8 43. R1d2 Nf5 44. Rd1 Ng3 45. Re1 Nf5 46. Red1 Rd8 47. R1d2 Rdb8 48. Rd1 Ke8 49. R1d2 1/2-1/2

[Event "Quebec-ch f"]
[Site "Montreal CAN"]
[Date "2025.01.12"]
[Round "4.4"]
[White "Herrera, Wylene"]
[Black "Demushkina, Alina"]
[Result "0-1"]
[WhiteElo "1569"]
[BlackElo "1783"]
[WhiteFideId "-1"]
[WhiteFideId "-1"]
[PlyCount "124"]
[GameId "2135746876558743"]
[EventDate "2025.01.10"]
[EventType "swiss"]
[EventRounds "5"]
[EventCountry "CAN"]

1. e4 c5 2. Nf3 Nc6 3. d4 cxd4 4. Nxd4 Nf6 5. f3 e6 6. c4 Bc5 7. Nb3 Bb4+ 8. Nc3 h6 9. Be3 d5 10. cxd5 exd5 11. e5 Nxe5 12. Bb5+ Bd7 13. Kf2 Bxc3 14. Bxd7+ Qxd7 15. bxc3 O-O 16. Re1 Nc6 17. Qd2 Qf5 18. Kg1 b6 19. Rad1 Rfe8 20. Nd4 Nxd4 21. Bxd4 Rad8 22. a4 Rxe1+ 23. Rxe1 Re8 24. Rxe8+ Nxe8 25. Qe2 Qe6 26. Kf2 Qxe2+ 27. Kxe2 f6 28. a5 bxa5 29. Bxa7 Kf7 30. Kd3 Ke6 31. c4 Kd6 32. Kd4 dxc4 33. Kxc4 Kc6 34. Bb8 Nd6+ 35. Kb3 Nb7 36. Kc4 g6 37. Bf4 h5 38. Bd2 Nd6+ 39. Kd3 Kb5 40. Bc3 Ne8 41. g4 a4 42. h4 a3 43. Ke4 Kc4 44. Ba1 Kb3 45. Kd5 Ka2 46. Bd4 Kb1 47. Ke6 a2 48. Kf7 Nc7 49. Kxg6 hxg4 50. fxg4 Nd5 51. h5 Kc2 52. h6 Nc3 53. h7 a1=Q 54. h8=Q Qd1 55. Qh2+ Kd3 56. Qf4 Nd5 57. Qf2 Qxg4+ 58. Kf7 Qxd4 59. Qf1+ Ke4 60. Qg2+ Ke5 61. Qh2+ Nf4 62. Qa2 Qd5+ 0-1

[Event "Quebec-ch f"]
[Site "Montreal CAN"]
[Date "2025.01.12"]
[Round "5.1"]
[White "Poncsak, Juliette"]
[Black "Li, Yi Lin"]
[Result "0-1"]
[WhiteElo "1577"]
[BlackElo "1979"]
[WhiteFideId "-1"]
[WhiteFideId "-1"]
[PlyCount "50"]
[GameId "2135540189768358"]
[EventDate "2025.01.10"]
[EventType "swiss"]
[EventRounds "5"]
[EventCountry "CAN"]

1. Nc3 Nf6 2. f4 d5 3. e3 c5 4. Nce2 Nc6 5. Nf3 Qc7 6. Ng3 h5 7. h3 e5 8. d3 Bd6 9. Ne2 Bd7 10. b3 h4 11. Bd2 O-O-O 12. c3 Rde8 13. fxe5 Nxe5 14. Qc2 Nxf3+ 15. gxf3 Bg3+ 16. Kd1 Bf5 17. e4 dxe4 18. fxe4 Nxe4 19. Be1 Bxe1 20. Kxe1 Ng3 21. Rg1 Re3 22. Rd1 Nxf1 23. Kxf1 Bxh3+ 24. Kf2 Rhe8 25. Rd2 Qh2+ 0-1

[Event "Quebec-ch f"]
[Site "Montreal CAN"]
[Date "2025.01.12"]
[Round "5.2"]
[White "Dauphinais, Sophie"]
[Black "Blanco, Anneye"]
[Result "1-0"]
[WhiteElo "1480"]
[BlackElo "1198"]
[WhiteFideId "-1"]
[WhiteFideId "-1"]
[PlyCount "73"]
[GameId "2135540189768359"]
[EventDate "2025.01.10"]
[EventType "swiss"]
[EventRounds "5"]
[EventCountry "CAN"]

1. e4 c5 2. c3 Nf6 3. e5 Ng8 4. d4 cxd4 5. cxd4 Nc6 6. Nf3 d6 7. exd6 Qxd6 8. Nc3 a6 9. Be2 Nf6 10. O-O g6 11. a3 Bg7 12. d5 Na7 13. Be3 b5 14. Qd2 Ng4 15. Bf4 Ne5 16. Ne4 Nxf3+ 17. Bxf3 Qd8 18. d6 Bd7 19. dxe7 Kxe7 20. Qd6+ Ke8 21. Bg5 f6 22. Bxf6 Bxf6 23. Nxf6+ Kf7 24. Bxa8 Be6 25. Qxd8 Rxd8 26. Nxh7 Rxa8 27. Ng5+ Kf6 28. Nxe6 Kxe6 29. Rfe1+ Kf6 30. Rad1 Kf7 31. Rd7+ Kf6 32. h4 a5 33. g4 b4 34. axb4 a4 35. f4 Nb5 36. Re5 a3 37. g5# 1-0

[Event "Quebec-ch f"]
[Site "Montreal CAN"]
[Date "2025.01.12"]
[Round "5.3"]
[White "Demushkina, Alina"]
[Black "Massera, Vanessa"]
[Result "1/2-1/2"]
[WhiteElo "1783"]
[BlackElo "968"]
[WhiteFideId "-1"]
[WhiteFideId "-1"]
[PlyCount "79"]
[GameId "2135540189768360"]
[EventDate "2025.01.10"]
[EventType "swiss"]
[EventRounds "5"]
[EventCountry "CAN"]

1. e4 g6 2. d4 Bg7 3. Nf3 d6 4. h3 Nd7 5. Be3 a6 6. Bd3 Ngf6 7. O-O O-O 8. Qd2 b5 9. Bh6 Bb7 10. Re1 Re8 11. Bxg7 Kxg7 12. e5 dxe5 13. dxe5 Nd5 14. Be4 e6 15. Qd4 c5 16. Qd2 c4 17. Qd4 Qb6 18. Qxb6 N7xb6 19. c3 Rad8 20. Nbd2 Ba8 21. a3 Nf4 22. Bxa8 Rxa8 23. Ne4 Nd3 24. Re2 Nd5 25. g3 f6 26. exf6+ Nxf6 27. Nxf6 Kxf6 28. Ne1 Rad8 29. Nxd3 cxd3 30. Rd2 e5 31. f3 Kf5 32. Rad1 e4 33. fxe4+ Kxe4 34. Re1+ Kf3 35. Rxe8 Rxe8 36. Rxd3+ Ke2 37. Rd6 Kf3 38. Rd3+ Ke2 39. Rd6 Kf3 40. Rd3+ 1/2-1/2

[Event "Quebec-ch f"]
[Site "Montreal CAN"]
[Date "2025.01.12"]
[Round "5.4"]
[White "Wang, Ruoyu"]
[Black "Zhang, Laticia"]
[Result "1/2-1/2"]
[WhiteElo "1328"]
[BlackElo "1102"]
[WhiteFideId "-1"]
[WhiteFideId "-1"]
[PlyCount "54"]
[GameId "2135540189768361"]
[EventDate "2025.01.10"]
[EventType "swiss"]
[EventRounds "5"]
[EventCountry "CAN"]

1. e4 e5 2. Nf3 Nc6 3. Bb5 Nf6 4. O-O a6 5. Ba4 Be7 6. c3 b5 7. Bc2 O-O 8. d4 exd4 9. cxd4 Nb4 10. e5 Nxc2 11. Qxc2 Nd5 12. a3 d6 13. Re1 Be6 14. Nbd2 h6 15. Ne4 Qd7 16. Ng3 Rac8 17. Qe4 c5 18. Rd1 f5 19. exf6 Nxf6 20. Qe2 Bc4 21. Qe3 Nd5 22. Qe4 Nb6 23. Bxh6 gxh6 24. Qg6+ Kh8 25. Qxh6+ Kg8 26. Qg6+ Kh8 27. Qh6+ Kg8 1/2-1/2